ბათუმის შოთა რუსთაველის სახელმწიფო უნივერსიტეტის ბიბლიოთეკა

ეკოლოგიური ბიოქიმიის საფუძვლები (ბიბ.ჩანაწერი № 36474)

000 -LEADER
fixed length control field 00716nam a2200217Ia 4500
001 - CONTROL NUMBER
control field 2391
003 - CONTROL NUMBER IDENTIFIER
control field GE_BSU
008 - FIXED-LENGTH DATA ELEMENTS--GENERAL INFORMATION
fixed length control field 181216s||||||||xx |||||||||||||| ||und||
040 ## - CATALOGING SOURCE
Transcribing agency GE_BSU
080 ## - UNIVERSAL DECIMAL CLASSIFICATION NUMBER
Universal Decimal Classification number 581.524
100 ## - MAIN ENTRY--PERSONAL NAME
Personal name ალექსიძე,ნუგზარ
245 ## - TITLE STATEMENT
Title ეკოლოგიური ბიოქიმიის საფუძვლები
245 ## - TITLE STATEMENT
Statement of responsibility, etc. რედ.ი.ელიავა;დ.უგრეხელიძე
260 ## - PUBLICATION, DISTRIBUTION, ETC.
Place of publication, distribution, etc. თბილისი
260 ## - PUBLICATION, DISTRIBUTION, ETC.
Date of publication, distribution, etc. 1999
300 ## - PHYSICAL DESCRIPTION
Extent 283გვ.
653 ## - INDEX TERM--UNCONTROLLED
Uncontrolled term ბიოქიმია
653 ## - INDEX TERM--UNCONTROLLED
Uncontrolled term ეკოლოგიური ბიოქიმიის საფუძვლები
942 ## - ADDED ENTRY ELEMENTS (KOHA)
Koha item type წიგნი
ეგზემპლარები
Withdrawn status Lost status Damaged status Not for loan Date acquired Barcode Date last seen Price effective from Koha item type
        2018-12-17 1884 2018-12-17 2018-12-17 წიგნი